Datum a čas kvízu
33
Celkem bodů
Celkový počet nahraných bodů na tomto kvízu bez doplňovacích otázek.
3.
Pořadí na kvízu
Konečné umístění týmu na tomto kvízu.
Zaznamenané odpovědi
| # | Otázka | Odpověď | Body | Výsledky |
|---|---|---|---|---|
| 1. | Prezident Miloš Zeman ve střed... | Janáčkovu akademii múzických umění (JAMU) | 0 | |
| 2. | Minulý týden se psalo o této k... | Joe Biden (manželé Bidenovi) | 1 | |
| 3. | Seriál Ordinace v růžové zahra... | Petr Rychlý | 1 | |
| 4. | Minulý týden získal jeden auto... | Umí létat. | 1 | |
| 5. | Uveďte jména vítězů mužské a ž... | Rafael Nadal, Ashleigh Bartyová | 1 | |
| 6. | Podíváme se na pět filmů, kter... | Vladimír Páral | 1 | |
| 7. | Jak už to tak většinou bývá, v... | Roy Scheider | 0 | |
| 8. | Animovaný film Hledá se Nemo s... | Marlin, Dory | 1 | |
| 9. | Režisér a scenárista Vladimír... | Úhoři mají nabito | 0 | |
| 10. | Na základě knižní předlohy spi... | ...a kde je najít, Grindelwaldovy zločiny | 1 |